Central Library and Information Centre
Sibsagar Girls' College, Sivasagar : Assam

ENGLAND SINCE 1688 (Record no. 3881)

MARC details
000 -LEADER
fixed length control field 00412cam a2200181ua 4500
008 - FIXED-LENGTH DATA ELEMENTS--GENERAL INFORMATION
fixed length control field 131205n1986 II |||gr||||Z||||||eng
040 ## - CATALOGING SOURCE
Original cataloging agency MAIN
041 ## - LANGUAGE CODE
-- English
082 ## - DEWEY DECIMAL CLASSIFICATION NUMBER
Classification number 936.2 09 MAH
100 ## - MAIN ENTRY--PERSONAL NAME
Personal name MAHAJAN, V. D.
245 ## - TITLE STATEMENT
Title ENGLAND SINCE 1688
250 ## - EDITION STATEMENT
Edition statement 9TH.
260 ## - PUBLICATION, DISTRIBUTION, ETC.
Place of publication, distribution, etc. NEW DELHI
Name of publisher, distributor, etc. S.CHAND & COMPANY
Date of publication, distribution, etc. 1986
300 ## - PHYSICAL DESCRIPTION
Extent 516:
Dimensions 24CM.
942 ## - ADDED ENTRY ELEMENTS (KOHA)
Koha item type Books
653 ## - INDEX TERM--UNCONTROLLED
Uncontrolled term ENGLAND HISTORY
Holdings
Withdrawn status Lost status Damaged status Not for loan Collection code Home library Current library Shelving location Date acquired Full call number Barcode Date last seen Copy number Price effective from Koha item type Public note
        TBHIS Central Library and Information Centre Sibsagar Girls College Central Library and Information Centre Sibsagar Girls College HISTORY RACK 06.06.1990 936.2 09 MAH 12158 27.02.2020 1 27.02.2020 Books V


Sibsagar Girl's College © 2020. All rights reserved.
Powered by Koha.
Maintained by Abhijit Borpuzari.